Top XIs: AS Saint-Etienne (1969-2022) - Statistics

General Stats
  • This quiz has been taken 73 times
  • The average score is 106 of 500
Answer Stats
Hint Position Answer % Correct
2011/2012 ST P.-E. Aubameyang
77%
2012/2013 ST P.-E. Aubameyang
77%
1979/1980 MF Michel Platini
75%
1980/1981 MF Michel Platini
75%
1981/1982 MF Michel Platini
75%
2007/2008 DF Loïc Perrin
73%
2010/2011 MF Loïc Perrin
73%
2012/2013 DF Loïc Perrin
73%
2013/2014 DF Loïc Perrin
73%
2014/2015 DF Loïc Perrin
73%
2015/2016 DF Loïc Perrin
73%
2016/2017 DF Loïc Perrin
73%
2017/2018 DF Loïc Perrin
73%
2018/2019 DF Loïc Perrin
73%
2019/2020 DF Loïc Perrin
73%
2013/2014 MF Romain Hamouma
63%
2015/2016 MF Romain Hamouma
63%
2016/2017 MF Romain Hamouma
63%
2017/2018 MF Romain Hamouma
63%
2020/2021 MF Romain Hamouma
63%
1975/1976 ST Dominique Rocheteau
58%
1976/1977 ST Dominique Rocheteau
58%
1977/1978 ST Dominique Rocheteau
58%
1978/1979 ST Dominique Rocheteau
58%
1979/1980 ST Dominique Rocheteau
58%
2018/2019 ST Wahbi Khazri
58%
2019/2020 ST Wahbi Khazri
58%
2020/2021 ST Wahbi Khazri
58%
2021/2022 ST Wahbi Khazri
58%
1973/1974 ST Hervé Revelli
54%
1974/1975 ST Hervé Revelli
54%
1975/1976 ST Hervé Revelli
54%
1969-1970 ST Patrick Revelli
54%
1970-1973 ST Patrick Revelli
54%
1973/1974 ST Patrick Revelli
54%
1974/1975 ST Patrick Revelli
54%
1975/1976 ST Patrick Revelli
54%
1976/1977 ST Patrick Revelli
54%
1977/1978 ST Patrick Revelli
54%
2006/2007 ST Bafétimbi Gomis
52%
2007/2008 ST Bafétimbi Gomis
52%
2008/2009 ST Bafétimbi Gomis
52%
2012/2013 ST Brandão
52%
2013/2014 ST Brandão
52%
2019/2020 MF Mahdi Camara
52%
2020/2021 MF Mahdi Camara
52%
2021/2022 MF Mahdi Camara
52%
1997/1998 DF Zoumana Camara
52%
2004/2005 DF Zoumana Camara
52%
2005/2006 DF Zoumana Camara
52%
2006/2007 DF Zoumana Camara
52%
2017/2018 DF Mathieu Debuchy
50%
2018/2019 DF Mathieu Debuchy
50%
2019/2020 DF Mathieu Debuchy
50%
2020/2021 DF Mathieu Debuchy
50%
2011/2012 ST Max Gradel
50%
2014/2015 MF Max Gradel
50%
2017/2018 MF Yann M'Vila
50%
2018/2019 MF Yann M'Vila
50%
2019/2020 MF Yann M'Vila
50%
2007/2008 MF Blaise Matuidi
48%
2008/2009 MF Blaise Matuidi
48%
2009/2010 MF Blaise Matuidi
48%
2010/2011 MF Blaise Matuidi
48%
2012/2013 MF Fabien Lemoine
48%
2013/2014 MF Fabien Lemoine
48%
2014/2015 MF Fabien Lemoine
48%
2015/2016 MF Fabien Lemoine
48%
2007/2008 MF Dimitri Payet
46%
2008/2009 MF Dimitri Payet
46%
2009/2010 MF Dimitri Payet
46%
2010/2011 MF Dimitri Payet
46%
2017/2018 MF Rémy Cabella
46%
2018/2019 MF Rémy Cabella
46%
2018/2019 DF William Saliba
46%
2019/2020 DF William Saliba
46%
2014/2015 ST Kévin Monnet-Paquet
42%
2015/2016 ST Kévin Monnet-Paquet
42%
2016/2017 ST Kévin Monnet-Paquet
42%
2017/2018 ST Kévin Monnet-Paquet
42%
2018/2019 ST Kévin Monnet-Paquet
42%
2007/2008 DF Moustapha Sall
42%
2010/2011 DF Moustapha Sall
42%
2013/2014 DF Moustapha Sall
42%
2014/2015 DF Moustapha Sall
42%
2015/2016 DF Moustapha Sall
42%
2012/2013 DF François Clerc
38%
2013/2014 DF François Clerc
38%
1975/1976 DF Gérard Janvion
38%
1976/1977 DF Gérard Janvion
38%
1977/1978 DF Gérard Janvion
38%
1978/1979 DF Gérard Janvion
38%
1979/1980 DF Gérard Janvion
38%
1980/1981 DF Gérard Janvion
38%
1981/1982 DF Gérard Janvion
38%
1982/1983 DF Gérard Janvion
38%
1993/1994 DF Laurent Blanc
38%
1994/1995 DF Laurent Blanc
38%
2012/2013 MF Renaud Cohade
38%
2013/2014 MF Renaud Cohade
38%
2018/2019 DF Timo. Kolodziejczak
38%
2019/2020 DF Timo. Kolodziejczak
38%
2020/2021 DF Timo. Kolodziejczak
38%
2021/2022 DF Timo. Kolodziejczak
38%
2015/2016 DF Florentin Pogba
35%
2016/2017 DF Florentin Pogba
35%
1969-1970 MF Jean-Michel Larqué
35%
1970-1973 MF Jean-Michel Larqué
35%
1973/1974 MF Jean-Michel Larqué
35%
1974/1975 MF Jean-Michel Larqué
35%
1975/1976 MF Jean-Michel Larqué
35%
2011/2012 MF Jérémy Clément
35%
2012/2013 MF Jérémy Clément
35%
2013/2014 MF Jérémy Clément
35%
2014/2015 MF Jérémy Clément
35%
2015/2016 MF Jérémy Clément
35%
2017/2018 DF Neven Subotić
35%
2018/2019 DF Neven Subotić
35%
2015/2016 ST Nolan Roux
35%
2016/2017 ST Nolan Roux
35%
2020/2021 MF Arnaud Nordin
33%
2021/2022 MF Arnaud Nordin
33%
2019/2020 ST Denis Bouanga
33%
2020/2021 ST Denis Bouanga
33%
2021/2022 ST Denis Bouanga
33%
2011/2012 MF Josuha Guilavogui
33%
2012/2013 MF Josuha Guilavogui
33%
2016/2017 MF Ole Selnæs
33%
2017/2018 MF Ole Selnæs
33%
2018/2019 MF Ole Selnæs
33%
2011/2012 DF Faouzi Ghoulam
31%
2012/2013 DF Faouzi Ghoulam
31%
2004/2005 ST Frédéric Piquionne
31%
2005/2006 ST Frédéric Piquionne
31%
2006/2007 ST Frédéric Piquionne
31%
2011/2012 DF Kurt Zouma
31%
2012/2013 DF Kurt Zouma
31%
2013/2014 DF Kurt Zouma
31%
2019/2020 DF Miguel Trauco
31%
2020/2021 DF Miguel Trauco
31%
2004/2005 MF Pascal Feindouno
31%
2005/2006 MF Pascal Feindouno
31%
2006/2007 MF Pascal Feindouno
31%
2007/2008 MF Pascal Feindouno
31%
2019/2020 MF Ryad Boudebouz
31%
2021/2022 MF Ryad Boudebouz
31%
2013/2014 ST Mevlüt Erdinç
29%
2014/2015 ST Mevlüt Erdinç
29%
1969-1970 DF Robert Herbin
29%
1970-1973 DF Robert Herbin
29%
1999/2000 ST Aloísio
27%
1973/1974 MF Dominique Bathenay
27%
1974/1975 MF Dominique Bathenay
27%
1975/1976 MF Dominique Bathenay
27%
1976/1977 MF Dominique Bathenay
27%
1977/1978 MF Dominique Bathenay
27%
1979/1980 ST Johnny Rep
25%
1980/1981 ST Johnny Rep
25%
1981/1982 ST Johnny Rep
25%
1982/1983 ST Johnny Rep
25%
2017/2018 ST Jonathan Bamba
25%
2016/2017 DF Kévin Malcuit
25%
2021/2022 DF Mickaël Nade
25%
1980/1981 DF Patrick Battiston
25%
1981/1982 DF Patrick Battiston
25%
1982/1983 DF Patrick Battiston
25%
2009/2010 MF Bakary Sako
23%
2010/2011 MF Bakary Sako
23%
2011/2012 MF Bakary Sako
23%
1973/1974 DF Christian López
23%
1974/1975 DF Christian López
23%
1975/1976 DF Christian López
23%
1976/1977 DF Christian López
23%
1977/1978 DF Christian López
23%
1978/1979 DF Christian López
23%
1979/1980 DF Christian López
23%
1980/1981 DF Christian López
23%
1981/1982 DF Christian López
23%
2014/2015 DF Franck Tabanou
23%
2020/2021 DF Harold Moukoudi
23%
2021/2022 DF Harold Moukoudi
23%
1998/1999 MF Julien Sablé
23%
1999/2000 MF Julien Sablé
23%
2000/2001 MF Julien Sablé
23%
2001/2002 MF Julien Sablé
23%
2002-2004 MF Julien Sablé
23%
2004/2005 MF Julien Sablé
23%
2005/2006 MF Julien Sablé
23%
2006/2007 MF Julien Sablé
23%
2010/2011 DF Carlos Bocanegra
21%
2006/2007 MF Christophe Landrin
21%
2007/2008 MF Christophe Landrin
21%
2021/2022 DF Eliaquim Mangala
21%
2009/2010 ST Emmanuel Rivière
21%
2010/2011 ST Emmanuel Rivière
21%
1989/1990 ST Étienne Mendy
21%
1992/1993 ST Étienne Mendy
21%
2001/2002 MF Frédéric Mendy
21%
2002-2004 MF Frédéric Mendy
21%
2004/2005 MF Frédéric Mendy
21%
2009/2010 ST Gonzalo Bergessio
21%
2016/2017 MF Henri Saivet
21%
1975/1976 MF Jacques Santini
21%
1976/1977 MF Jacques Santini
21%
1977/1978 MF Jacques Santini
21%
1978/1979 MF Jacques Santini
21%
1979/1980 MF Jacques Santini
21%
1980/1981 MF Jacques Santini
21%
2016/2017 MF Jordan Veretout
21%
2007/2008 DF Mouhamadou Dabo
21%
2008/2009 DF Mouhamadou Dabo
21%
2009/2010 DF Mouhamadou Dabo
21%
1994/1995 MF Stéphane Santini
21%
1995/1996 MF Stéphane Santini
21%
1996/1997 MF Stéphane Santini
21%
2020/2021 MF Yvan Neyou
21%
2021/2022 MF Adil Aouchiche
19%
1969-1970 MF Aimé Jacquet
19%
1970-1973 MF Aimé Jacquet
19%
2015/2016 DF Benoît Assou-Ekotto
19%
2001/2002 DF Fousseni Diawara
19%
2002-2004 DF Fousseni Diawara
19%
2004/2005 DF Fousseni Diawara
19%
2005/2006 DF Fousseni Diawara
19%
2010/2011 MF Laurent Batlles
19%
1973/1974 DF Osvaldo Piazza
19%
1974/1975 DF Osvaldo Piazza
19%
1975/1976 DF Osvaldo Piazza
19%
1976/1977 DF Osvaldo Piazza
19%
1977/1978 DF Osvaldo Piazza
19%
1978/1979 DF Osvaldo Piazza
19%
1996/1997 MF Pape Sarr
19%
1997/1998 MF Pape Sarr
19%
1998/1999 MF Pape Sarr
19%
1999/2000 MF Pape Sarr
19%
2000/2001 MF Pape Sarr
19%
1978/1979 ST Bernard Lacombe
17%
2001/2002 MF David Hellebuyck
17%
2002-2004 MF David Hellebuyck
17%
2004/2005 MF David Hellebuyck
17%
2005/2006 MF David Hellebuyck
17%
2014/2015 DF K. Théophile-Catherine
17%
2015/2016 DF K. Théophile-Catherine
17%
2016/2017 DF K. Théophile-Catherine
17%
2017/2018 DF K. Théophile-Catherine
17%
2014/2015 ST Ricky van Wolfswinkel
17%
2002-2004 DF Vincent Hognon
17%
2004/2005 DF Vincent Hognon
17%
2005/2006 DF Vincent Hognon
17%
2006/2007 DF Vincent Hognon
17%
1995/1996 DF Willy Sagnol
17%
1996/1997 DF Willy Sagnol
17%
1999/2000 ST Alex Dias
15%
2000/2001 ST Alex Dias
15%
2002-2004 ST Alex Dias
15%
2011/2012 MF Bănel Nicoliţă
15%
2006/2007 ST Ilan
15%
2007/2008 ST Ilan
15%
2008/2009 ST Ilan
15%
1978/1979 MF Jean-François Larios
15%
1979/1980 MF Jean-François Larios
15%
1980/1981 MF Jean-François Larios
15%
1981/1982 MF Jean-François Larios
15%
1980/1981 ST Laurent Roussey
15%
1984/1985 ST Roger Milla
15%
1985/1986 ST Roger Milla
15%
2007/2008 DF Stathis Tavlaridis
15%
2008/2009 DF Stathis Tavlaridis
15%
1982/1983 MF Bernard Genghini
13%
1973/1974 MF Christian Synaeghel
13%
1974/1975 MF Christian Synaeghel
13%
1976/1977 MF Christian Synaeghel
13%
1977/1978 MF Christian Synaeghel
13%
2009/2010 MF Gélson Fernandes
13%
1969-1970 ST Georges Bereta
13%
1970-1973 ST Georges Bereta
13%
1973/1974 ST Georges Bereta
13%
2002-2004 DF Hérita Ilunga
13%
2004/2005 DF Hérita Ilunga
13%
2005/2006 DF Hérita Ilunga
13%
2006/2007 DF Hérita Ilunga
13%
1978/1979 ST Jacques Zimako
13%
1979/1980 ST Jacques Zimako
13%
1980/1981 ST Jacques Zimako
13%
1988/1989 MF Laurent Fournier
13%
1989/1990 MF Laurent Fournier
13%
1987/1988 ST Patrice Garande
13%
1988/1989 ST Patrice Garande
13%
2004/2005 MF Didier Zokora
10%
2005/2006 MF Didier Zokora
10%
1999/2000 DF Jean-Guy Wallemme
10%
2000/2001 DF Jean-Guy Wallemme
10%
1994/1995 DF Lionel Potillon
10%
1996/1997 DF Lionel Potillon
10%
1997/1998 DF Lionel Potillon
10%
1998/1999 DF Lionel Potillon
10%
1999/2000 DF Lionel Potillon
10%
2000/2001 DF Lionel Potillon
10%
2011/2012 DF Sylvain Marchal
10%
2010/2011 DF Sylvain Monsoreau
10%
1982/1983 MF Thierry Oleksiak
10%
1983/1984 DF Thierry Oleksiak
10%
1984/1985 DF Thierry Oleksiak
10%
1985/1986 DF Thierry Oleksiak
10%
1985/1986 ST Zvonko 'Toni' Kurbos
10%
1986/1987 ST Abdelkrim Krimau
8%
1976/1977 ST Christian Sarramagna
8%
1977/1978 ST Christian Sarramagna
8%
1969-1970 DF Gérard Farison
8%
1970-1973 DF Gérard Farison
8%
1973/1974 DF Gérard Farison
8%
1974/1975 DF Gérard Farison
8%
1975/1976 DF Gérard Farison
8%
1976/1977 DF Gérard Farison
8%
1977/1978 DF Gérard Farison
8%
1978/1979 DF Gérard Farison
8%
1979/1980 DF Gérard Farison
8%
1991/1992 DF Jean-Claude Pagal
8%
1992/1993 DF Jean-Claude Pagal
8%
1981/1982 MF Jean-Louis Zanon
8%
1982/1983 MF Jean-Louis Zanon
8%
1983/1984 MF Jean-Louis Zanon
8%
1996/1997 DF Jean-Luc Sassus
8%
2008/2009 MF Kevin Mirallas
8%
2006/2007 DF Lamine Diatta
8%
1995/1996 ST Liazid Sandjak
8%
1990/1991 MF Ľubomír Moravčík
8%
1991/1992 MF Ľubomír Moravčík
8%
1992/1993 MF Ľubomír Moravčík
8%
1993/1994 MF Ľubomír Moravčík
8%
1994/1995 MF Ľubomír Moravčík
8%
1995/1996 MF Ľubomír Moravčík
8%
2009/2010 DF Pape Diakhaté
8%
2001/2002 DF Patrice Carteron
8%
2002-2004 DF Patrice Carteron
8%
1984/1985 DF Patrice Ferri
8%
1985/1986 MF Patrice Ferri
8%
1986/1987 MF Patrice Ferri
8%
1987/1988 MF Patrice Ferri
8%
1973/1974 DF Pierre Repellini
8%
1974/1975 DF Pierre Repellini
8%
1993/1994 MF Piotr Świerczewski
8%
1994/1995 MF Piotr Świerczewski
8%
1969-1970 ST Salif Keïta
8%
1970-1973 ST Salif Keïta
8%
1990/1991 DF Sylvain Kastendeuch
8%
1991/1992 DF Sylvain Kastendeuch
8%
1992/1993 DF Sylvain Kastendeuch
8%
1989/1990 DF Christophe Deguerville
6%
1990/1991 DF Christophe Deguerville
6%
1991/1992 DF Christophe Deguerville
6%
1992/1993 DF Christophe Deguerville
6%
1993/1994 DF Christophe Deguerville
6%
1994/1995 DF Christophe Deguerville
6%
1983/1984 ST Daniel Sánchez
6%
1991/1992 ST Didier Tholot
6%
1992/1993 MF Gérald Passi
6%
1993/1994 MF Gérald Passi
6%
2005/2006 ST Hélder Postiga
6%
1978/1979 MF Jean-Marie Elie
6%
1979/1980 MF Jean-Marie Elie
6%
1984/1985 DF Jean-Philippe Primard
6%
1986/1987 DF Jean-Philippe Primard
6%
1987/1988 DF Jean-Philippe Primard
6%
1988/1989 DF Jean-Philippe Primard
6%
1987/1988 DF John Sivebæk
6%
1988/1989 DF John Sivebæk
6%
1989/1990 DF John Sivebæk
6%
1990/1991 DF John Sivebæk
6%
1988/1989 ST Mohamed Chaouch
6%
1989/1990 ST Mohamed Chaouch
6%
2008/2009 MF Paulo Machado
6%
1987/1988 ST Philippe Tibeuf
6%
1988/1989 ST Philippe Tibeuf
6%
1989/1990 ST Philippe Tibeuf
6%
1990/1991 ST Philippe Tibeuf
6%
1981/1982 MF Raúl Noguès
6%
1989/1990 MF Rob Witschge
6%
2001/2002 DF Stéphane Hernandez
6%
1999/2000 MF Tchiressoua Guel
6%
2000/2001 MF Tchiressoua Guel
6%
1990/1991 MF Thierry Laurey
6%
2008/2009 DF Yohan Benalouane
6%
2009/2010 DF Yohan Benalouane
6%
1974/1975 ST Yves Triantafilos
6%
1988/1989 DF Alain Geiger
4%
1989/1990 DF Alain Geiger
4%
1981/1982 ST Benny Nielsen
4%
1980/1981 DF Bernard Gardon
4%
1983/1984 ST Carlos Diarte
4%
1984/1985 ST Carlos Diarte
4%
2002-2004 MF Fabrice Jau
4%
1982/1983 ST Flemming Christensen
4%
1985/1986 DF Georgi Dimitrov
4%
1986/1987 DF Georgi Dimitrov
4%
1987/1988 DF Georgi Dimitrov
4%
1986/1987 MF Gilles Peycelon
4%
2001/2002 DF Giovanni Bia
4%
2009/2010 DF Guirane N'Daw
4%
1997/1998 MF Jean-Chris. Thomas
4%
1983/1984 MF Jean-François Daniel
4%
1984/1985 MF Jean-François Daniel
4%
1984/1985 MF Jean-Luc Ribar
4%
1985/1986 MF Jean-Luc Ribar
4%
1986/1987 MF Jean-Luc Ribar
4%
1990/1991 DF Jean-Pierre Cyprien
4%
1991/1992 DF Jean-Pierre Cyprien
4%
1992/1993 DF Jean-Pierre Cyprien
4%
1993/1994 DF Jean-Pierre Cyprien
4%
1998/1999 MF Kader Ferhaoui
4%
2000/2001 MF Laurent Huard
4%
2001/2002 MF Laurent Huard
4%
1998/1999 DF Lucien Mettomo
4%
1999/2000 DF Lucien Mettomo
4%
2000/2001 DF Lucien Mettomo
4%
1981/1982 DF Patrice Lestage
4%
1998/1999 ST Patrick Revelles
4%
1982/1983 DF Philippe Mahut
4%
1983/1984 DF Philippe Mahut
4%
1995/1996 DF Romarin Billong
4%
1996/1997 DF Romarin Billong
4%
1997/1998 DF Romarin Billong
4%
1998/1999 DF Romarin Billong
4%
1994/1995 DF Sébastien Pérez
4%
1985/1986 DF Thierry Gros
4%
1986/1987 DF Thierry Gros
4%
1987/1988 DF Thierry Gros
4%
1988/1989 DF Thierry Gros
4%
1989/1990 DF Thierry Gros
4%
1990/1991 DF Thierry Gros
4%
1996/1997 MF Adel Chedli
2%
1982/1983 MF Alain Moizan
2%
1983/1984 MF Alain Moizan
2%
2010/2011 DF Albin Ebondo
2%
2011/2012 DF Albin Ebondo
2%
2001/2002 MF Antonio Esposito
2%
1997/1998 ST Antony Gauvin
2%
1997/1998 MF Augustine Simo
2%
1998/1999 MF Augustine Simo
2%
1985/1986 MF Bernard Pardo
2%
1999/2000 DF Bjørn Tore Kvarme
2%
2000/2001 DF Bjørn Tore Kvarme
2%
1991/1992 MF Christophe Chaintreuil
2%
1996/1997 ST Christophe Lagrange
2%
1997/1998 ST Christophe Lagrange
2%
1995/1996 MF Christophe Ohrel
2%
1996/1997 DF Claude Fichaux
2%
1997/1998 DF Claude Fichaux
2%
1998/1999 DF Claude Fichaux
2%
1995/1996 ST Didier Thimothée
2%
1983/1984 DF Eric Clavelloux
2%
1984/1985 DF Eric Clavelloux
2%
1985/1986 DF Eric Clavelloux
2%
1986/1987 DF Eric Clavelloux
2%
1991/1992 MF Fabrice Mège
2%
1986/1987 ST Georgi Slavkov
2%
2001/2002 ST Marcin Kuźba
2%
1992/1993 ST Milan Luhový
2%
1987/1988 MF Mustapha El-Haddaoui
2%
1969-1970 ST Patrick Parizon
2%
1970-1973 ST Patrick Parizon
2%
1987/1988 MF Pierre Haon
2%
1988/1989 MF Pierre Haon
2%
1991/1992 MF Pierre Haon
2%
1993/1994 ST Roland Wohlfarth
2%
1996/1997 ST Samba N'Diaye
2%
1969-1970 MF Spasoje Samardžić
2%
1970-1973 MF Spasoje Samardžić
2%
1999/2000 MF Stéphane Pédron
2%
2000/2001 MF Stéphane Pédron
2%
1982/1983 DF Thierry Wolff
2%
1983/1984 DF Thierry Wolff
2%
1993/1994 ST Titi Camara
2%
1994/1995 ST Titi Camara
2%
2008/2009 DF Cédric Varrault
0%
1984/1985 MF Guy Claveloux
0%
1987/1988 MF Guy Claveloux
0%
1997/1998 MF Hassan Kachloul
0%
1998/1999 MF Hassan Kachloul
0%
2002-2004 MF Ibrahim Razak
0%
1983/1984 MF Janusz Kupcewicz
0%
1984/1985 MF Janusz Kupcewicz
0%
1985/1986 ST Jürgen Milewski
0%
1990/1991 MF Loïc Lambert
0%
1991/1992 MF Loïc Lambert
0%
1992/1993 MF Loïc Lambert
0%
1992/1993 MF Pascal Despeyroux
0%
1993/1994 MF Pascal Despeyroux
0%
1994/1995 MF Pascal Despeyroux
0%
1995/1996 MF Pascal Despeyroux
0%
1986/1987 MF Pascal Françoise
0%
1994/1995 DF Patrick Moreau
0%
1995/1996 DF Patrick Moreau
0%
1988/1989 MF Pierre Morice
0%
1993/1994 DF Salem Harchèche
0%
1995/1996 DF Salem Harchèche
0%
1969-1970 DF Vladimir Durković
0%
1970-1973 DF Vladimir Durković
0%
1989/1990 MF Yvon Pouliquen
0%
1990/1991 MF Yvon Pouliquen
0%
No matching quizzes found
Score Distribution
Percent of People with Each Score
Percentile by Number Answered
Your Score History
You have not taken this quiz